El Paleolítico de Cueva Morín (Santander) y notas para la climatología cuaternaria / (Record no. 83120)
[ view plain ]
| 000 -LEADER | |
|---|---|
| campo de control de longitud fija | 01071nam a2200229 i 4500 |
| 001 - NÚMERO DE CONTROL | |
| campo de control | 83120 |
| 003 - IDENTIFICADOR DE NÚMERO DE CONTROL | |
| campo de control | ES-MaACL |
| 005 - FECHA Y HORA DE LA ÚLTIMA TRANSACCIÓN | |
| campo de control | 20250812041912.0 |
| 007 - CAMPO FIJO DE DESCRIPCIÓN FÍSICA--INFORMACIÓN GENERAL | |
| campo de control de longitud fija | t| |
| 008 - DATOS DE LONGITUD FIJA--INFORMACIÓN GENERAL | |
| campo de control de longitud fija | 180601s1921 sp ||||1| spa d |
| 100 1# - ENTRADA PRINCIPAL--NOMBRE DE PERSONA | |
| Nombre de persona | Vega del Sella, Ricardo |
| Títulos y otros términos asociados al nombre | Duque de Estrada y Martínez de Morentín, Conde de la Vega del Sella. |
| 9 (RLIN) | 164836 |
| 245 13 - MENCIÓN DEL TÍTULO | |
| Título | El Paleolítico de Cueva Morín (Santander) y notas para la climatología cuaternaria / |
| Mención de responsabilidad, etc. | por el Conde de la Vega del Sella. |
| 260 ## - PUBLICACIÓN, DISTRIBUCIÓN, ETC. | |
| Lugar de publicación, distribución, etc. | Madrid : |
| Nombre del editor, distribuidor, etc. | Museo Nacional de Ciencias Naturales, |
| Fecha de publicación, distribución, etc. | 1921. |
| 300 ## - DESCRIPCIÓN FÍSICA | |
| Extensión | 168 p., 2 h. lam. : |
| Otras características físicas | il. ; |
| Dimensiones | 27 cm. |
| 490 1# - MENCIÓN DE SERIE | |
| Mención de serie | Comisión de Investigaciones Paleontológicas y Prehistóricas. Memoria ; |
| Designación de volumen o secuencia | 29, Serie prehistórica, 25 |
| 650 #4 - PUNTO DE ACCESO ADICIONAL DE MATERIA--TÉRMINO DE MATERIA | |
| Término de materia o nombre geográfico como elemento de entrada | Paleoclimatología. |
| 9 (RLIN) | 164891 |
| 650 04 - PUNTO DE ACCESO ADICIONAL DE MATERIA--TÉRMINO DE MATERIA | |
| Término de materia o nombre geográfico como elemento de entrada | Arte prehistórico- |
| Subdivisión geográfica | Cantabria (Comunidad Autónoma) |
| 9 (RLIN) | 10272 |
| 651 #4 - PUNTO DE ACCESO ADICIONAL DE MATERIA--NOMBRE GEOGRÁFICO | |
| Nombre geográfico | Cueva Morín (Cantabria) |
| 9 (RLIN) | 164892 |
| 830 00 - PUNTO DE ACCESO ADICIONAL DE SERIE-TÍTULO UNIFORME | |
| Título uniforme | Comisión de Investigaciones Paleontológicas y Prehistóricas. Memoria |
| Designación de volumen o secuencia | 29, Serie prehistórica, 25 |
| 9 (RLIN) | 183771 |
| 852 ## - LOCALIZACIÓN | |
| Ubicación | ES-MaACL |
| Número de control de estantería | B-13007(1) |
| Estatus retirado | Estado de pérdida | Estado de daño | No para préstamo | Biblioteca de origen | Biblioteca actual | Ubicación en estantería | Fecha de adquisición | Fuente de adquisición | Total de préstamos | Signatura topográfica completa | Código de barras | Visto por última vez | Precio de reemplazo | Tipo de ítem Koha |
|---|---|---|---|---|---|---|---|---|---|---|---|---|---|---|
| Biblioteca del Ateneo de Madrid | Biblioteca del Ateneo de Madrid | Sala Pardo Bazán | 01/06/2018 | B-13007(1) | 1198939 | 23/02/2023 | 23/02/2023 | Libro impreso |
